Statistics for World Currency Quiz

Click here to take the quiz!

General Stats

  • This quiz has been taken 9 times
  • The average score is 5 of 8

Answer Stats

HintAnswer% Correct
1 of this currency equals 1.07 United States Dollars.Euro
100%
1 of this currency equals 0.0075 United States Dollars.Japanese Yen
75%
1 of this currency equals 0.67 United States Dollars.Australian dollar
63%
1 of this currency equals 0.73 United States Dollar.Canadian dollar
63%
1 of this currency equals 1.07 United States Dollars.Swiss franc
63%
1 of this currency equals 0.14 United States Dollars.Chinese Yuan Renminbi
50%
1 of this currency equals 0.13 United States Dollars.Hong Kong dollar
38%
1 of this currency equals 0.63 United States Dollars.New Zealand dollar
38%

Score Distribution

Percentile by Number Answered

Percent of People with Each Score

Your Score History

You have not taken this quiz